Southville International School and Colleges
Your cart is empty.
  • Cart
  • Lists
    Public lists Eva Luna New books Lux_list list_1
    Your lists Log in to create your own lists
  • Log in to your account
  • Your cookies
  • Search history
Southville International School and Colleges
  • Advanced search
  • Recent comments
  • Most popular
  • Libraries

Log in to your account

Log in with GOOGLE


If you do not have an external account, but do have a local account, you can still log in:

  1. Home
  2. MARC view: Disney Learning ages 6 & up:
Normal view MARC view ISBD view

Disney Learning ages 6 & up: (Record no. 292725)

[ view plain ]
MARC details
000 -LEADER
fixed length control field 00387nam a2200145Ia 4500
008 - FIXED-LENGTH DATA ELEMENTS--GENERAL INFORMATION
fixed length control field 160319s9999 xx 000 0 und d
245 ## - TITLE STATEMENT
Title Disney Learning ages 6 & up:
245 ## - TITLE STATEMENT
Remainder of title Adventures in typing /
260 ## - PUBLICATION, DISTRIBUTION, ETC. (IMPRINT)
Name of publisher, distributor, etc Disney Interactive.
300 ## - PHYSICAL DESCRIPTION
Extent 1 video disc :
300 ## - PHYSICAL DESCRIPTION
Other physical details sound, colored ;
300 ## - PHYSICAL DESCRIPTION
Dimensions 4 3/4 in.
650 ## - SUBJECT ADDED ENTRY--TOPICAL TERM
Topical term or geographic name as entry element Typing--
650 ## - SUBJECT ADDED ENTRY--TOPICAL TERM
General subdivision Interactive multimedia.
Holdings
Withdrawn status Lost status Damaged status Home library Current library Date acquired Total Checkouts Barcode Date last seen Price effective from Koha item type
      Stonyhurst Southville International School (Batangas) Stonyhurst Southville International School (Batangas) 03/19/2016   AV-328 03/19/2016 03/19/2016 Audio Visual Materials

Disney Learning ages 6 & up:

APA

Disney Learning ages 6 & up. : Disney Interactive.

Chicago

Disney Learning ages 6 & up. : Disney Interactive.

Harvard

Disney Learning ages 6 & up. : Disney Interactive.

MLA

: Disney Interactive. .

  • Place hold
  • Print
  • Cite
  • Add to your cart (remove)
  • Save record
    BIBTEX Dublin Core MARCXML MARC (non-Unicode/MARC-8) MARC (Unicode/UTF-8) MARC (Unicode/UTF-8, Standard) MODS (XML) RIS
  • More searches
    Search for this title in:
    Other Libraries (WorldCat) Other Databases (Google Scholar) Online Stores (Bookfinder.com) Open Library (openlibrary.org)

Exporting to Dublin Core...

SOUTHVILLE LIBRARY

Southville International School and Colleges Library

1281 Tropical Ave. Cor. Luxembourg St., BF Homes International, Las Pinas City

Tel. No. 8256374 / 252358 Loc. 117/146

Powered by Koha